Gamifikácia v riadení ľudských zdrojov bakalárska práca

Enregistré dans:
Détails bibliographiques
Auteur principal: Kobularčiková, Zuzana
Collectivité auteur: Fakulta podnikového manažmentu EU. Katedra manažmentu
Autres auteurs: Joniaková, Zuzana, 1970-
Format: Livre
Langue:slovaque
Publié: Bratislava 2021
Tags: Ajouter un tag
Pas de tags, Soyez le premier à ajouter un tag!

MARC

LEADER 00000nbm a2200000 4500
001 0275878
005 20211108114750.9
041 0 |a slo 
044 |a SK 
245 1 0 |a Gamifikácia v riadení ľudských zdrojov  |b bakalárska práca  |c Zuzana Kobularčiková ; školiteľ: Zuzana Joniaková 
264 1 |a Bratislava  |c 2021 
300 |a 58 s. 
100 1 |a Kobularčiková, Zuzana 
700 1 |a Joniaková, Zuzana, 1970- 
710 2 |a Fakulta podnikového manažmentu EU. Katedra manažmentu